Adivinhe a música da Taylor Swift sem dicas #4 - Statistics

Estatísticas Gerais
  • Esse quiz foi jogado 363 vezes
  • A pontuação média é 274 de 445
Estatísticas das Respostas
Resposta % Correto
I
99%
You
96%
you
96%
(You
96%
a
94%
me
94%
love
86%
the
85%
do
79%
he
79%
He
79%
my
78%
on
77%
So
76%
so
76%
(So
76%
And
75%
and
75%
go
75%
it
74%
It
74%
is
73%
like
70%
then
70%
Then
70%
say
67%
This
67%
did
66%
they
66%
They
66%
but
65%
But
65%
can
65%
all
64%
never
64%
don't
62%
Don't
62%
ever
62%
bad
60%
bad)
60%
bad,
60%
(Bad)
60%
feel
60%
feel,
60%
for
60%
good?
59%
good,
59%
good
59%
good)
59%
(Good)
59%
(good),
59%
something
59%
how
57%
If
57%
if
57%
had
56%
had)
56%
make
56%
look,
55%
think
55%
what
55%
man
54%
tell
54%
trust
54%
him
53%
just
53%
one
53%
play
53%
them,
53%
them
53%
'Cause
52%
'cause
52%
narcissist,
52%
world
52%
easy
51%
oh,
51%
(oh)
51%
Oh,
51%
could
50%
lie
50%
skin
50%
about
49%
every
49%
get
49%
nothing
49%
see
49%
violin
49%
works
49%
three
48%
Now
47%
over
47%
shit,
47%
coming
45%
flames
45%
lips
45%
again
43%
felt
43%
got
43%
playboy,
43%
red
43%
up
43%
up),
43%
up)
43%
up,
43%
fun
42%
talks
42%
thinks
41%
light
40%
(light
40%
Light
40%
Most
39%
(Most
39%
'em
38%
leave
38%
before
37%
let
37%
burning
36%
I'd
36%
next
36%
regret
36%
thing
36%
around
35%
even
35%
left
35%
owe
34%
saved
34%
why's
34%
Why's
34%
witches
34%
witches,
34%
fly
33%
aren't
32%
gotta
32%
bit
31%
name,
31%
feels
30%
paint
30%
away
29%
ahead
26%
says:
26%
They're
26%
Crimson
25%
drops
25%
throw
24%
their
21%
Their
21%
change,
20%
reasons
19%
spends
19%
proof
18%
pitchforks
16%
receipts
12%
Nenhum quiz correspondente encontrado
Distribuição das Pontuações
Porcentagem de Pessoas com Cada Pontuação
Percentil de Números Respondidos
Sua Pontuação Histórica
Você não jogou esse quiz